000 00559nam a2200181Ia 4500
003 OSt
005 20230516110826.0
008 210423s1990 xx 000 0 und d
040 _cAL
041 _aeng
082 _a374
_223
_bJOHA
100 _aJOHN HUNTER (Carman);HARMAN (David).
_9104904
245 _aAdult illiteracy in the united states:a report to the ford foundation .
260 _aNew Delhi
_bOxford University Press
_c1990
365 _cINR
906 _aAdult ; ford ; foundation ; illiteracy ; report ; states:a ; united
942 _2ddc
_cBK
999 _c172174
_d172174